Central Library OPAC University of Rajshahi
Normal view MARC view

Entry Personal Name

Number of records used in: 2

001 - CONTROL NUMBER

  • control field: 16505

003 - CONTROL NUMBER IDENTIFIER

  • control field: BD-RjUL

005 - DATE AND TIME OF LATEST TRANSACTION

  • control field: 20250807123942.0

008 - FIXED-LENGTH DATA ELEMENTS

  • fixed length control field: 250807|| aca||aabn | a|a d

040 ## - CATALOGING SOURCE

  • Original cataloging agency: BD-RjUL
  • Transcribing agency: BD-RjUL

100 ## - HEADING--PERSONAL NAME

  • Personal name: ندوى، عبد السلام., Nadvi, Abdus Slam

670 ## - SOURCE DATA FOUND

  • Source citation: Work cat.: (BD-RjUL)85468: ندوى، عبد السلام., Nadvi, Abdus Slam, شعر الہند / Shiʻr al-Hind /, 19??